| 000 | 01023ngm a22003370a 4500 | ||
|---|---|---|---|
| 001 | PT15525 | ||
| 003 | AR-LpoUNG | ||
| 005 | 20210202000157.0 | ||
| 007 | vd cvaizq | ||
| 008 | 191001s1971||||ag |||||||||||||||||spa d | ||
| 040 |
_aAR-LpoUNG _bspa _cAR-LpoUNG _eaacr |
||
| 041 | _aspa | ||
| 044 | _aag | ||
| 082 | 0 | _a945.09 565jar | |
| 100 | 1 |
_aSica, Vittorio de _edir. |
|
| 245 | 1 | 3 | _aEl jardín de los Finzi Contini |
| 260 |
_aBuenos Aires : _bCinemateca Video, _c[1971]. |
||
| 300 | _aVHS (95 min.) : son., col. | ||
| 505 | 0 | _aGuión: Vittorio Bonicelli ; fotografía: Ennio Guarnieri. | |
| 520 | _aDescribe la burguesía judía de Ferrara (norte de Italia), antes de que el fascismo decretara las leyes racistas y de que estallara la Segunda guerra mundial. | ||
| 650 | 4 | _aANTISEMITISMO | |
| 650 | 4 | _aASPECTOS POLITICOS | |
| 650 | 4 | _aAUTORITARISMO | |
| 650 | 4 | _aDICTADURA | |
| 650 | 4 | _aIDEOLOGIAS | |
| 650 | 4 | _aITALIA | |
| 650 | 4 | _aJUDIOS | |
| 653 | _aVIDEOS | ||
| 905 | _a15525 | ||
| 942 | _cVIDEO | ||
| 999 |
_c54256 _d54256 |
||